000 00620nam a2200205Ii 4500
003 JO-AjNU
008 230605s9999||||xx |||||||||||||| ||und||
017 _a1159
040 _aJO-AjNU
_bara
_erda
_cJO-AjNU
041 _aara
050 1 4 _aRA601.K4844 1992
100 3 _aالخوجة ،رجاء محمد جميل,
_eauthor
_916317
245 0 0 _aغذاء المرضى
264 3 1 _aبغداد:دار الشؤون الثقافية ، 1992
300 _a226ص
336 _atext
_btxt
_2rdacontent
337 _aunmediated
_bn
_2rdamedia
338 _avolume
_bnc
_2rdacarrier
650 4 _aالمرضى-علاج
_916318
999 _aA4807
_c8375
_d8375